• 首页
  • 本馆介绍
  • 公告通知
  • 最新文献
  • 馆藏检索
  • 电子资源
  • 读者导购
  • 参考咨询
  • 我的图书馆
  • 登录
  • 详细信息显示
  • 放入我的书架
  • 预约/预借图书
  • 作者相关作品
  • 分类相关作品
  • 丛书相关作品
  • 出版社相关作品

书目信息

  • 表格格式
  • 工作单格式
  • 卡片格式
题名:
概率论
    
 
作者: ;复旦大学 编
分册: 第一册   概率论基础
出版信息: 北京   人民教育出版社  1979
页数: 323页
开本: 19cm
丛书名:
单 册:
中图分类: O211.1
科图分类:
主题词: 概率论 , 数理统计 , 概率论--高等学校--教材
电子资源:
ISBN:
000 00668nam0 2200253 45
001 0179001647
005 20070804110303.60
010    @dCNY0.75
091    @a13012.0225
100    @a19950725d1979 em y0chiy0121 ea
101 0  @achi
102    @aCN@b110000
105    @ay z 000yy
200 10 @a概率论@Agai lv lun@h第一册@i概率论基础@f复旦大学编@Ffu dan da xue bian
210    @a北京@c人民教育出版社@d1979
215    @a323页@d19cm
300    @a高等学校试用教材
606 0  @a概率论
606 0  @a数理统计
606    @a概率论@x高等学校@x教材
690    @aO211.1
711 02 @a复旦大学@Afu dan da xue@4编
801  0 @aCN@bNLC@c20070804
905    @dO211.1@e11:1
    
    概率论.第一册.概率论基础/复旦大学编.-北京:人民教育出版社,1979
    323页;19cm
    高等学校试用教材
    
    ISBN :CNY0.75
    
●
相关链接 在E读中查询图书 在五车中查询图书 在当当中查询图书 在豆瓣中查询图书


正题名:概率论     索取号:O211.1/11:1         预约/预借

序号 登录号 条形码 馆藏地/架位号 状态 备注
1 0023644   202280272   密集书库/ [索取号:O211.1/11:1] 在馆    
2 0023645   000404173   第三借阅区/ [索取号:O211.1/11:1] 在馆    
3 0023647   202285838   密集书库/ [索取号:O211.1/11:1] 在馆    
4 0023648   202253015   密集书库/ [索取号:O211.1/11:1] 在馆    
5 0023651   000404235   第三借阅区/ [索取号:O211.1/11:1] 在馆    
6 0023654   202260935   密集书库/ [索取号:O211.1/11:1] 在馆    
7 0043419   202260891   密集书库/ [索取号:O211.1/11:1] 在馆    
8 0043420   000404226   第三借阅区/ [索取号:O211.1/11:1] 在馆    
9 0043421   000404271   第二样本阅览室/ [索取号:O211.1/11:1] 在馆    
10 0043422   202249913   密集书库/ [索取号:O211.1/11:1] 在馆    
11 0043423   202260855   密集书库/ [索取号:O211.1/11:1] 在馆    
12 0043424   202260846   密集书库/ [索取号:O211.1/11:1] 在馆    
13 0043425   202260926   密集书库/ [索取号:O211.1/11:1] 在馆    
14 0043426   000404459   第三借阅区/ [索取号:O211.1/11:1] 在馆    
15 0043427   202260882   密集书库/ [索取号:O211.1/11:1] 在馆    
16 0043428   000404182   第三借阅区/ [索取号:O211.1/11:1] 在馆    
17 0277081   202179819   密集书库/ [索取号:O211.1/11:1] 在馆    
18 0421999   204219997   密集书库/ [索取号:O211.1/11:1] 在馆    
19 0429859   204298599   密集书库/ [索取号:O211.1/11:1] 在馆    
20 0429860   204298606   密集书库/ [索取号:O211.1/11:1] 在馆    
21 0429861   204298615   密集书库/ [索取号:O211.1/11:1] 在馆    
22 0429862   204298624   密集书库/ [索取号:O211.1/11:1] 在馆    
23 0430036   204300363   密集书库/ [索取号:O211.1/11:1] 在馆    
24 0431554   204315543   密集书库/ [索取号:O211.1/11:1] 在馆    
25 0431555   204315552   密集书库/ [索取号:O211.1/11:1] 在馆    
26 0765250   207652501   密集书库/ [索取号:O211.1/11:1] 在馆    
27 0765521   207655214   密集书库/ [索取号:O211.1/11:1] 在馆    
28 0766828   207668282   密集书库/ [索取号:O211.1/11:1] 在馆    
29 0766829   207668291   密集书库/ [索取号:O211.1/11:1] 在馆    
30 0768043   207680437   密集书库/ [索取号:O211.1/11:1] 在馆    
31 0768044   207680446   密集书库/ [索取号:O211.1/11:1] 在馆    
32 0791302   207913025   密集书库/ [索取号:O211.1/11:1] 在馆    
33 0791303   207913034   密集书库/ [索取号:O211.1/11:1] 在馆    
唐山师范学院图书馆 欢迎您!
大连网信软件有限公司© 版权所有